00681nam a2200193Ia 4500008004100000020001500041050001200056050001900068245005100087245002800138260002300166260000900189300001600198300002400214300001200238650009800250999001900348952012000367160319s9999 xx 000 0 und d a9622582281 a959.921 bK19 1998 vol.5 aKasaysayan : the story of the Filipino people. bReform and revolution / bAsia Pub. Co. Ltd. c1998 a303 pages : bill. (some col.) ;  c29 cm.  aPhilippines -- History.Philippines -- History -- Chronology.Philippines -- Social conditions. c292277d292277 001040aSSISBbSSISBcFILd2016-03-19l0oFil 959.921 K19 1998 vol.5pUS 0942r2016-03-19 00:00:00w2016-03-19yBK